000 00387nam a2200157Ia 4500
008 160319s9999 xx 000 0 und d
245 4 _aThe World of Sacred Music /
260 _bDecca Record Company Ltd.
260 _c1993
300 _a1 sound disc :
300 _bdigital :
300 _c4 3/4 in.
650 _aReligions.
650 _aSacred music.
650 _aWorld music.
999 _c292777
_d292777